Statistics for Flashlight - Jessie J (All Lyrics)

Click here to take the quiz!

General Stats

  • This quiz has been taken 308 times
  • The average score is 285 of 349

Answer Stats

Lyrics% Correct
I
98%
I.
98%
flashlight,
97%
flashlight.
97%
my
96%
a
96%
you
95%
the
95%
Oh...
92%
oh.
92%
to
90%
When
89%
And
89%
when
89%
and
89%
me,
88%
me
88%
You're
87%
be
87%
you're
87%
in
87%
on
86%
dark,
84%
dark
84%
I'll
83%
look
82%
comes.
81%
got
81%
comes,
81%
see
81%
tomorrow
81%
need
81%
all
81%
own.
81%
night.
80%
that
80%
know.
80%
sweet
79%
don't
79%
but
78%
through
78%
things
77%
of
76%
getting
76%
sky.
75%
up
74%
is
74%
around
73%
I'm
73%
Stuck
72%
life.
72%
it
72%
stuck
72%
Feeling
71%
long,
68%
light
68%
Light,
68%
light,
68%
light.
68%
long
68%
along,
67%
sing
67%
Can't
67%
road
67%
along.
67%
it's
67%
heart
66%
eyes.
66%
frightened
66%
'Cause
65%
won't
60%
lie,
59%
shine
58%
found
57%
fly.
56%
stop.
56%
though
54%
way,
53%
way.
53%
start
50%
Kick
48%
not
44%
rain
43%
yeah.
42%
mountain
41%
afraid
40%
shadows
39%
lost
38%
top.
38%
hope
36%
beneath
34%

Score Distribution

Percentile by Number Answered

Percent of People with Each Score

Your Score History

You have not taken this quiz